000 00579nam a2200229Ia 4500
003 OSt
005 20220918183239.0
006 a|||||r|||| 00| 0
007 ta
008 220917b |||||||| |||| 00| 0 eng d
024 _a36,923
037 _cTextual
040 _aARTS
_cARTS
_beng
041 _2eng
_aeng
082 _aQ7, N8
245 0 _aThis is Islam edited by K K Usman
260 _aCochin
_bForum for Faith and Fraternity India
_c1998
300 _axviii,243p.
_ccm.
650 _aRELIGION
942 _hQ7, N8
_cTEXL
_2CC
999 _c171975
_d171975